000 00308nam a2200145Ia 4500
008 151213s9999 xx 000 0 und d
100 _aU G C
245 _aU G C
_cU G C
260 _aDhaka
_bU G C
_c2001
300 _a7302 p.
650 _aReference
650 _aReport
700 _aU G C
999 _c3873
_d3873